Massage illustrated (Record no. 3572)

MARC details
000 -LEADER
fixed length control field 00594nam a22002177a 4500
003 - CONTROL NUMBER IDENTIFIER
control field URS
005 - DATE AND TIME OF LATEST TRANSACTION
control field 20220114142545.0
008 - FIXED-LENGTH DATA ELEMENTS--GENERAL INFORMATION
fixed length control field 200121s2007 a|||| |||| 00| 0 eng d
020 ## - INTERNATIONAL STANDARD BOOK NUMBER
International Standard Book Number 9781592575879
040 ## - CATALOGING SOURCE
Transcribing agency URS
Language of cataloging eng
Modifying agency rda
050 14 - LIBRARY OF CONGRESS CALL NUMBER
Classification number RA 780.5
Item number .S8771 2007
100 ## - MAIN ENTRY--PERSONAL NAME
Personal name Stone, Victoria Jordan
245 10 - TITLE STATEMENT
Title Massage illustrated
Statement of responsibility, etc. Victoria Jordan Stone, Bob Shell.
260 ## - PUBLICATION, DISTRIBUTION, ETC.
Place of publication, distribution, etc. USA:
Name of publisher, distributor, etc. Alpha Books;
Date of publication, distribution, etc. c[2007]
300 ## - PHYSICAL DESCRIPTION
Extent xii, 210 pages
Other physical details with illustrations
Dimensions 23 cm
504 ## - BIBLIOGRAPHY, ETC. NOTE
Bibliography, etc. note Includes index.
650 ## - SUBJECT ADDED ENTRY--TOPICAL TERM
Topical term or geographic name entry element Massage
650 ## - SUBJECT ADDED ENTRY--TOPICAL TERM
Topical term or geographic name entry element Theraphy
700 ## - ADDED ENTRY--PERSONAL NAME
Personal name Shell, Bob
942 ## - ADDED ENTRY ELEMENTS (KOHA)
Source of classification or shelving scheme Library of Congress Classification
Koha item type Reserved Books
Holdings
Withdrawn status Source of classification or shelving scheme Damaged status Not for loan Collection code Home library Current library Shelving location Date acquired Total Checkouts Full call number Barcode Date last seen Price effective from Koha item type
  Library of Congress Classification     Non-fiction Cainta College Library Cainta College Library On Display 05/02/2016   RA780.5.S8771 2007 URSCAI-3095 05/02/2016 05/02/2016 Reserved Books

University of Rizal System
Email us at univlibservices@urs.edu.ph

Visit our Website www.urs.edu.ph/library